Analýza rizikového kapitálu ako alternatívnej formy financovania podnikov
Vymedzenie rizikového kapitálu v literatúre a praxi. Základná charakteristika typov a foriem rizikového kapitálu. Rizikový kapitál v Európe. Odporúčania Európskej asociácie rizikového kapitálu. Rizikový kapitál na Slovensku. Prieskum o pripravenosti slovenských malých a stredných podnikov na nebanko...
Gespeichert in:
| 1. Verfasser: | |
|---|---|
| Format: | Buchkapitel |
| Sprache: | Slowakisch |
| Schlagworte: | |
| Tags: |
Keine Tags, Fügen Sie das erste Tag hinzu!
|
MARC
| LEADER | 00000naa$a2200000$$$4500 | ||
|---|---|---|---|
| 001 | 0052201 | ||
| 005 | 20240502071615.8 | ||
| 041 | 0 | |a slo | |
| 044 | |a SK | ||
| 245 | 1 | 0 | |a Analýza rizikového kapitálu ako alternatívnej formy financovania podnikov |c Monika Majková |
| 520 | |a Vymedzenie rizikového kapitálu v literatúre a praxi. Základná charakteristika typov a foriem rizikového kapitálu. Rizikový kapitál v Európe. Odporúčania Európskej asociácie rizikového kapitálu. Rizikový kapitál na Slovensku. Prieskum o pripravenosti slovenských malých a stredných podnikov na nebankové formy financovania. Metodika prieskumu a charakter skúmanej vzorky. | ||
| 610 | 2 | 0 | |a kapitál rizikový |
| 610 | 2 | 0 | |a kapitál rozvojový |
| 610 | 2 | 0 | |a financovanie podnikov |
| 610 | 2 | 0 | |a podnik malý |
| 610 | 2 | 0 | |a podnik stredný |
| 610 | 2 | 0 | |a pojmy |
| 610 | 2 | 0 | |a investície rozvojové |
| 610 | 2 | 0 | |a Európa |
| 610 | 2 | 0 | |a Slovensko |
| 100 | 1 | |a Majková, Monika | |